00245nam a2200109Ia 4500008004100000041000800041082001100049100001400060245003500074260001700109300000900126231123s2019 xx 000 0 und d aeng a658.15 aM c Grath aBasic managerial Skill for all bP.H.I.c2019 a812p